| 000 | 00391nam a22001457a 4500 | ||
|---|---|---|---|
| 999 |
_c193669 _d193669 |
||
| 008 | 221107b ||||| |||| 00| 0 eng d | ||
| 082 | _a920-SEN | ||
| 100 | _aPHAKIRMOHAN,SENPATI | ||
| 245 |
_aAUTOBIOGRAPHY(ATMACHARITA) _hENGLISH |
||
| 260 |
_aNEW DELH _bA.I.C.B _cROHINI |
||
| 270 | _aA.I.C.B ,ROHINI NEW DELHI | ||
| 300 |
_a. _b. _c12X13 |
||
| 490 | _v1-6 | ||
| 942 |
_2ddc _cBRLEN _k920 _mSEN |
||